000 00809nam a2200241Ia 4500
003 OSt
005 20220923211521.0
006 a|||||r|||| 00| 0
007 ta
008 Pun
020 _a9789380854045 (hbk)
_c170
024 _a327,923
037 _b1011, 25/01/2018, H.K. Prakashan
_cTextual
040 _aARTS
_cARTS
_bPun
041 _2Pun
_aPun
082 _aQ8441wJ95, 153Q6.5
100 _aਸਿੰਘ, ਵੀਰ, ਂਚ.
245 0 _aਸ੍ਰੀ ਅFਟ ਗੁਰ ਚਮਤਕਾਰ
260 _aਨਵੀੰ ਦਿੱਲੀ
_b ਭਾਈ ਵੀਰ ਸਿੰਘ ਸਾਹਿਤ
_c2016
650 _aਸਿੱਖ ਧਰਮ
_9156314
942 _hQ8441wJ95, 153Q6.5
_cTEXL
_2CC
999 _c300339
_d300339